Personajes de Los Simpson - 1 - Estadísticas

Estadísticas generales
  • Esta prueba ha sido intentada 1.316 veces
  • La puntuación promedio es 16 de 20
Estadísticas de respuestas
Imagen Respuesta % Correcto
Bart Simpson
100%
Homer Simpson
100%
Lisa Simpson
100%
Marge Simpson
99%
Maggie Simpson
98%
Apu Nahasapeemapetilon
97%
Ned Flanders
96%
Krusty
93%
Milhouse Van Houten
93%
Moe Szyslak
90%
Abraham Simpson
86%
Montgomery Burns
84%
Seymour Skinner
82%
Nelson Muntz
80%
Ralph Wiggum
66%
Waylon Smithers
60%
Barney Gumble
59%
Clancy Wiggum
50%
Edna Krabappel
50%
Doctor Hibbert
31%
No se encontraron pruebas coincidentes
Distribución de puntuación
Porcentaje de gente con cada puntuación
Porcentaje por número respondido
Historial de tus puntuaciones
No has intentado esta prueba.